Mathematics Education with Digital Technology

Saved in:
Bibliografiske detaljer
Hovedforfatter: Aairan Oldknow and Carol Knights
Format: Bog
Sprog:engelsk
Udgivet: P.C.M Education and digital Technology 2013
Tags: Tilføj Tag
Ingen Tags, Vær først til at tagge denne postø!

MARC

LEADER 00000nam a22000007a 4500
008 210615b ||||| |||| 00| 0 eng d
020 |a 9781441184726Mathematics 
100 |a Aairan Oldknow and Carol Knights 
245 |a Mathematics Education with Digital Technology  |c Adeniran Oldknow and Carol Knights  |g xxiv,272pP.C.M  
260 |b P.C.M Education and digital Technology  |c 2013  |h New York  |i 296306  |i 296307  |l QA11.2.Ad8  |m Mathematics- study and teaching (middle school)-Technological innovation  |m Electronic instruments Digital  |m Oldknow,A.J.(Adrian James) 1946.  |m II. Knights, carol 
500 |a It includes references and index 
942 |a lcc  |c BK  |e Olagoke, M.A.  |f 15/06/2021 
952 |0 0  |1 0  |2 lcc  |4 0  |6 QA00112 A D8  |7 0  |9 2600  |a HOL  |b HOL  |d 2021-06-15  |l 0  |o QA 11.2.Ad8  |p 2021-6449  |r 2021-06-15 00:00:00  |w 2021-06-15  |y BK 
952 |0 0  |1 0  |2 lcc  |4 0  |6 QA00112 A D8  |7 0  |9 2601  |a HOL  |b HOL  |d 2021-06-15  |l 0  |o QA 11.2.Ad8  |p 2021-6450  |r 2021-06-15 00:00:00  |w 2021-06-15  |y BK 
999 |c 1362  |d 1362